Địa danh văn hóa Việt Nam: Địa danh khảo cổ học

Sách sưu tập và sắp xếp theo ABC địa danh có di chỉ khảo cổ trên toàn lãnh thổ Việt Nam

שמור ב:
מידע ביבליוגרפי
מחבר ראשי: Bùi Thiết
פורמט: ספר
שפה:Undetermined
יצא לאור: Hà Nội Thanh niên 1997
נושאים:
תגים: הוספת תג
אין תגיות, היה/י הראשונ/ה לתייג את הרשומה!
Thư viện lưu trữ: Trung tâm Học liệu Trường Đại học Cần Thơ
LEADER 00760nam a2200193Ia 4500
001 CTU_20732
008 210402s9999 xx 000 0 und d
082 |a 930.1 
082 |b Th308 
100 |a Bùi Thiết 
245 0 |a Địa danh văn hóa Việt Nam: Địa danh khảo cổ học 
245 0 |c Bùi Thiết 
260 |a Hà Nội 
260 |b Thanh niên 
260 |c 1997 
520 |a Sách sưu tập và sắp xếp theo ABC địa danh có di chỉ khảo cổ trên toàn lãnh thổ Việt Nam 
650 |a Archeology,Excavations (Archaeology),Khảo cổ,Khai quật (khảo cổ) 
650 |z ietnam,Vietnam,Việt Nam,Việt Nam 
980 |a Trung tâm Học liệu Trường Đại học Cần Thơ